000 00561nam a2200193 a 4500
001 000012832
005 20200929163101.0
008 091117s1989 cu 001 f spa d
040 _aDO-SdBNP
_bspa
_cBNPHU
082 _aCu863.44
_bL732d
100 1 _aLima, Chely,
_d1957-
_923034
245 1 3 _aLa desnudez y el alba /
_cChely Lima, Alberto Serret.
260 _aLa Habana :
_bLetras Cubanas,
_c1989.
300 _a185 p. ;
_c18 cm.
650 4 _aNovela cubana
_92316
650 4 _aLiteratura cubana
_91483
700 1 _aSerret, Alberto
_929681
049 _aBNGR
999 _c12481
_d12481